000 00960nam a22003137a 4500
003 CHAP
005 20220329134326.0
008 971013s1978 r 00010 d
010 _a18778
011 _a19750
035 _a23835
040 _cCHAP
082 _a330.18
_bD47
100 0 0 _aDhrymes, Phoebus J.
_932374
245 _aMathematics for econometrics
260 _aNew York :
_bSpringer-Verlag,
_c1978
300 _a234 p.
590 _aBATCH-UPD
_b10
_c20130110
_lUCH01
_h0836
590 _aBATCH-UPD
_b10
_c20130410
_lUCH01
_h0514
590 _aBATCH-UPD
_b10
_c20130914
_lUCH01
_h1257
590 _aCONVERSION
_b10
_c20130109
_lUCH01
_h1311
650 1 4 _aÁlgebra lineal.
_982392
650 1 4 _aEconometría.
_935201
650 1 4 _aMatemáticas.
_972901
901 _aBK
942 _cLIBRO
949 _a330.18 D47
_bBC
_cLIBRO
_d33724000316725
_eLIBRO
_fc.2
_h52000
_i23835
_si
949 _a330.18 D47
_bBC
_cLIBRO
_d33724000316733
_eLIBRO
_h51999
_i23835
_si
999 _c18778
_d18778